Brawlers - Brawl Stars - Statistiques

Statistiques générales
  • Ce quiz a été pris 3 525 fois
    1 879 depuis la dernière actualisation
  • Le résultat moyen est 56 sur 89
Statistiques - réponses
Par images Réponse % Correct
Ambre
95%
A.R.K.A.D.
94%
Bartaba
93%
Béa
93%
Bo
92%
Bull
91%
Buzz
91%
Billie
90%
Brock
90%
Angelo
89%
Carl
89%
Colt
89%
Corbac
87%
Ash
86%
Belle
84%
Buzz l'Eclair
84%
Byron
82%
Chester
82%
Edgar
82%
Bonnie
81%
Colette
81%
Berry
80%
El Costo
80%
Darryl
79%
Frank
77%
Charlie
76%
Doug
76%
Buster
75%
Draco
75%
D'jinn
72%
Dynamike
72%
Chuck
71%
Cordelius
71%
Eliz@
71%
Fang
71%
Gaël
71%
Monsieur M.
71%
Clancy
69%
Emeri
69%
Jessie
69%
Léon
69%
Jacky
68%
Gus
67%
Kit
67%
Eve
66%
Hank
66%
Griff
65%
Grom
65%
Janet
61%
Kenji
61%
Gray
60%
Max
57%
Lou
56%
Juju
55%
Lily
54%
Lola
53%
Meg
52%
Mortis
52%
R-T
52%
Melody
51%
Nita
51%
Mandy
50%
Médor
49%
Maisie
47%
Pam
47%
Nani
46%
Poco
46%
Polly
45%
Moe
44%
Penny
44%
Mico
43%
Rosa
43%
Shelly
43%
Ricochet
42%
Spike
42%
Otis
41%
Larry & Lawry
39%
Meeple
39%
Sam
38%
Stu
36%
Tara
36%
Ollie
35%
Pearl
35%
Surge
35%
Tick
34%
Shade
31%
Squeak
31%
Wally
30%
Willow
27%
Aucun quiz correspondant
Distribution des résultats
% des personnes avec chaque résultat
Percentile par nombre de réponses
Votre historique - résultats
Vous n’avez pas pris ce quiz depuis la dernière actualisation